Strivada diksuchi. (Record no. 100701)

MARC details
000 -LEADER
fixed length control field 00543nam a2200193Ia 4500
003 - CONTROL NUMBER IDENTIFIER
control field OSt
005 - DATE AND TIME OF LATEST TRANSACTION
control field 20260601115512.0
008 - FIXED-LENGTH DATA ELEMENTS--GENERAL INFORMATION
fixed length control field 210210b1995 xxu||||| |||| 00| 0 eng d
040 ## - CATALOGING SOURCE
Transcribing agency AL
041 ## - LANGUAGE CODE
Language code of text/sound track or separate title Kannada
082 ## - DEWEY DECIMAL CLASSIFICATION NUMBER
Classification number 305.4K INDS
100 ## - MAIN ENTRY--PERSONAL NAME
Personal name INDIRA (R).
Dates associated with a name ಇಂದಿರಾ (ಆರ್)
9 (RLIN) 264830
245 ## - TITLE STATEMENT
Title Strivada diksuchi.
Remainder of title ಸ್ತ್ರೀವಾದ ದಿಕ್ಸೂಚಿ
260 ## - PUBLICATION, DISTRIBUTION, ETC.
Place of publication, distribution, etc. Maisuru
Name of publisher, distributor, etc. Samata Adhyayana Kendra.
Date of publication, distribution, etc. 1995
300 ## - PHYSICAL DESCRIPTION
Extent 70
690 ## - LOCAL SUBJECT ADDED ENTRY--TOPICAL TERM (OCLC, RLIN)
Topical term or geographic name as entry element Women Studies
9 (RLIN) 264831
906 ## - LOCAL DATA ELEMENT F, LDF (RLIN)
a 052084
942 ## - ADDED ENTRY ELEMENTS (KOHA)
Source of classification or shelving scheme Dewey Decimal Classification
Koha item type Book
Holdings
Withdrawn status Lost status Source of classification or shelving scheme Damaged status Not for loan Collection code Home library Current library Shelving location Date acquired Cost, normal purchase price Total Checkouts Full call number Barcode Date last seen Price effective from Koha item type
    Dewey Decimal Classification     Sociology St Aloysius Library St Aloysius Library   02/17/2021 15.00   305.4K INDS 052084 02/17/2021 02/17/2021 Book